000 00308nam a22001337a 4500
008 170418b xxu||||| |||| 00| 0 eng d
020 _a9780805366273
041 _aeng
080 _24TH
_a573
100 _a10
101 _aSHM
245 _aBIOLOGY CONCEPTS & CONNECTIONS
_cCAMPBELL, N.A
942 _2udc
_cBK
999 _c10932
_d10932